• 首页
  • 本馆介绍
  • 公告通知
  • 最新文献
  • 馆藏检索
  • 电子资源
  • 读者导购
  • 参考咨询
  • 我的图书馆
  • 登录
  • 详细信息显示
  • 放入我的书架
  • 预约/预借图书
  • 作者相关作品
  • 分类相关作品
  • 丛书相关作品
  • 出版社相关作品

书目信息

  • 表格格式
  • 工作单格式
  • 卡片格式
题名:
海关通关实务
    
 
作者: 许可 , 夏斯顺 主编
分册:  
出版信息: 北京   对外经济贸易大学出版社  2001
页数: 521页
开本: 20cm
丛书名:
单 册:
中图分类: F752.5
科图分类:
主题词: 对外贸易--世界
电子资源:
ISBN: 7-81078-111-1
000 00627nam0 2200217 450
001 0633584156
005 20070714091253.38
010    @a7-81078-111-1@dCNY29.00
100    @a20061012d2001 km y0chiy0120 ea
101 0  @achi
102    @aCN@b110000
102    @aCN@b110000
200 1  @a海关通关实务@Ahai guan tong guan shi wu@f许可,夏斯顺主编@Fxu ke,xia si shun zhu bian
210    @a北京@c对外经济贸易大学出版社@d2001
215    @a521页@d20cm
606 0  @a对外贸易@x世界
690    @aF752.5@v3
701  0 @a许可@Axu ke@4主编
701  0 @a夏斯顺@Axia si shun@4主编
801  0 @aCN@bPFT@c20070714
905    @a10447@dF752.5@e14
    
    海关通关实务/许可,夏斯顺主编.-北京:对外经济贸易大学出版社,2001
    521页;20cm
    
    
    ISBN 7-81078-111-1:CNY29.00
    
●
相关链接 在E读中查询图书 在五车中查询图书 在当当中查询图书 在豆瓣中查询图书


正题名:海关通关实务     索取号:F752.5/14         预约/预借

序号 登录号 条形码 馆藏地/架位号 状态 备注
1 0501753   205017532   密集书库/ [索取号:F752.5/14] 在馆    
2 0777815   207778154   密集书库/ [索取号:F752.5/14] 在馆    
3 0778773   207787732   密集书库/ [索取号:F752.5/14] 在馆    
4 0779030   207790309   密集书库/ [索取号:F752.5/14] 在馆    
5 0779125   207791255   密集书库/ [索取号:F752.5/14] 在馆    
唐山师范学院图书馆 欢迎您!
大连网信软件有限公司© 版权所有